Agustín de Hipona como Doctor Pacis. estudios sobre la paz en el mundo contemporáneo = Agustine of Hippo as Doctor Pacis : studies on peace in the contemporary world / Volumen 1 :

Detalles Bibliográficos
Otros Autores: Dupont, Anthony (Editor), Eguiarte Bendímez, Enrique A., 1960- (Editor), Villabona Vargas, Carlos Alberto (Editor)
Formato: Electrónico eBook
Lenguaje:español
inglés
Publicado: Bogotá, Colombia : Editorial Uniagustiniana, 2018.
Colección:Colección Estudios agustinianos (Editorial Uniagustiniana). Libros de investigación.
Materias:
Acceso en línea:Digitalia Hispánica

MARC

LEADER 00000nam a2200000Ii 4500
001 DIGUAGANA0037
003 NyNyDIG
006 m o d
007 cr |||||||||||
008 250115s2018 ck ob 000 0 spa d
035 |a (OCoLC)1229460028 
040 |a DGITA  |b eng  |e rda  |e pn  |c DGITA 
020 |a 9789585498228  |q (digital) 
020 |z 9789585498198  |q (impreso) 
041 0 |a spa  |a eng  |b spa  |b eng 
050 1 4 |a B655 ebook 
245 0 0 |a Agustín de Hipona como Doctor Pacis.  |n Volumen 1 :  |b estudios sobre la paz en el mundo contemporáneo = Agustine of Hippo as Doctor Pacis : studies on peace in the contemporary world /  |c Anthony Dupont, Enrique Eguiarte Bendímez, Carlos Alberto Villabona Vargas (editores). 
246 1 |i English title on cover:  |a Agustine of Hippo as Doctor Pacis :  |b studies on peace in the contemporary world  
264 1 |a Bogotá, Colombia :  |b Editorial Uniagustiniana,  |c 2018. 
300 |a 1 online resource. 
336 |a text  |b txt  |2 rdacontent 
337 |a computer  |b c  |2 rdamedia 
338 |a online resource  |b cr  |2 rdacarrier 
347 |a text file  |2 rdaft 
347 |b PDF 
490 1 |a Colección Estudios agustinianos. Libros de investigación 
504 |a Includes bibliographical references. 
546 |a Text in Spanish and English with abstract in Spanish and English. 
588 0 |a Online resource; title from PDF title page (Digitalia, viewed January 15, 2025) 
600 0 0 |a Augustine,  |c of Hippo, Saint,  |d 354-430. 
650 0 |a Theology, Doctrinal. 
650 0 |a Good and evil. 
700 1 |a Dupont, Anthony,  |e editor.  
700 1 |a Eguiarte Bendímez, Enrique A.,  |d 1960-  |e editor.  
700 1 |a Villabona Vargas, Carlos Alberto,  |e editor.  
776 0 8 |i Print version:  |t Agustín de Hipona como Doctor Pacis. Volumen 1.  |d Bogotá, Colombia : Editorial Uniagustiniana, 2018  |z 9789585498198 
791 2 |a Digitalia (Firm),  |e distributor. 
793 0 |g Digitalia eBook Collection:  |a Editorial Uniagustiniana 
830 0 |a Colección Estudios agustinianos (Editorial Uniagustiniana).  |p Libros de investigación. 
856 4 0 |3 Digitalia Hispánica  |u https://www.digitaliapublishing.com/a/170031/ 
910 |a Premium collection: 2025